000 00595nam a2200217Ia 4500
003 OSt
005 20221007070220.0
006 a|||||r|||| 00| 0
007 ta
008 221006b |||||||| |||| 00| 0 eng d
024 _a14,953
037 _cTextual
040 _aFLL
_cFLL
_beng
041 _2eng
_aeng
082 _aX:957.1.N7, M2
245 0 _aTermination of employment at the initiative of the employer
260 _aGeneva
_bInternational labour office Geneva
_c1982
300 _a80p
_ccm.
942 _hX:957.1.N7, M2
_cTEXL
_2CC
999 _c1139824
_d1139824